000 01088cam a2200313 a 4500
999 _c533094
_d533094
001 14450478
003 NUST
005 20191212110559.0
008 060713s2007 njuab b 001 0 eng
010 _a 2006049454
020 _a0131145606
020 _a9780131145603
035 _a(OCoLC)ocm70660384
038 _aMSOHAIL
040 _aDLC
_cDLC
_dBAKER
_dC#P
_dYDXCP
_dOCLCQ
_dDLC
050 0 0 _aTA710
_b.M3853 2007
082 0 0 _a624.15136
_222
100 1 _aMcCarthy, David F.
_926789
245 1 0 _aEssentials of soil mechanics and foundations :
_bbasic geotechnics /
_cDavid F. McCarthy.
250 _a7th ed.
260 _aUpper Saddle River, N.J. :
_bPearson/Prentice Hall,
_cc2007.
300 _axiii, 850 p. :
_bill., map ;
_c25 cm.
504 _aIncludes bibliographical references (p. 813-830) and index.
650 0 _aSoil mechanics.
_926790
650 0 _aFoundations.
_9892
906 _a7
_bcbc
_corignew
_d1
_eocip
_f20
_gy-gencatlg
942 _2ddc
_cBK